El caballo alado /

Guardado en:
Autor Principal: Mainé, Margarita.
Otros Autores: Crawley, Andy; il.
Formato: Libro
Publicado: Buenos Aires : Sudamericana, 2000.
Edición:1a ed.
Series:Pan Flauta. Magenta. Cuentos del Mundo / Gigliola Zecchin de Duhalde ; 58
Materias:
Etiquetas: Agregar Etiqueta
Sin Etiquetas, Sea el primero en etiquetar este registro!
LEADER 01087nam a22002895a 4500
001 CEM.cems019852
008 221110s2000##################000#0#####d
005 20221110101917.0
245 1 0 |a El caballo alado /  |c Margarita Mainé ; ilustrado por Andy Crawley. 
250 |a 1a ed. 
260 |a Buenos Aires :  |b Sudamericana,  |c 2000. 
300 |a 62 p. 
490 0 |a Pan Flauta. Magenta. Cuentos del Mundo / Gigliola Zecchin de Duhalde ;  |v 58 
500 |a Canela seudónimo de Gigliola Zecchin de Duhalde. 
505 0 |a La mariposa de siete colores -- El caballo alado -- El destino de Hassan 
020 |a 9500718790 
100 1 |a Mainé, Margarita. 
700 1 |a Crawley, Andy; il. 
082 0 4 |a A868.4 
653 |a Literatura 
653 |a Literatura Argentina 
653 |a Literatura infantil 
653 |a Cuentos 
653 |a Cuento infantil 
859 |a CEMS  |b BIB. CEMS - Inicial y Primaria  |h A868.4  |i M284  |k IP  |p 2020  |t Ej.1 
859 |a CEMS  |b BIB. CEMS - Inicial y Primaria  |h A868.4  |i M284  |k IP  |p 2021  |t Ej.2 
859 |a CEMS  |b BIB. CEMS - Inicial y Primaria  |h A868.4  |i M284  |k IP  |p 2022  |t Ej.3